000 00633nam a2200193Ia 4500
008 131103s9999 xx 000 0 und d
020 _a8170741270
_cRs. 450
040 _aLoreto College
041 _aEnglish
082 _a954.03/DAS
_bLCLIB/42689
100 _aDas Gupta, Ranajit
245 _aLabour and working class in Eastern India
_b Studies in colonial history
_cRanajit Das Gupta
260 _aKolkata
_bK.P.Bagchi and Company
_c1994
300 _axxx,525p, 22 cm.
504 _aIncludes bibliographical references and index
650 _aColonial History - India
651 _aIndia - Colonial History
942 _cBK
999 _c2439
_d52918